NBA All-Time Teams - Statistics

General Stats
  • This quiz has been taken 428 times
  • The average score is 70 of 150
Answer Stats
Group Pos. Answer % Correct
76ers SF Julius Erving
91%
Cavaliers PG Kyrie Irving
91%
Lakers C Kareem Abdul-Jabbar
89%
76ers SG Allen Iverson
88%
Cavaliers SF LeBron James
86%
Jazz PF Karl Malone
85%
Bulls SG Michael Jordan
85%
76ers C Moses Malone
85%
Clippers C DeAndre Jordan
82%
Bulls SF Scottie Pippen
80%
Lakers C Shaquille O'Neal
79%
Pelicans PF David West
78%
Lakers PG Jerry West
78%
Lakers PG Magic Johnson
78%
Lakers SG Kobe Bryant
77%
Warriors C Wilt Chamberlain
76%
Clippers PG Chris Paul
75%
Pistons PF Dennis Rodman
75%
Celtics SF Larry Bird
75%
Warriors PG Stephen Curry
75%
Hornets SG Dell Curry
74%
Heat SG Dwyane Wade
73%
Kings PG Oscar Robertson
72%
Mavericks PF Dirk Nowitzki
71%
Thunder SF Kevin Durant
71%
Warriors SG Klay Thompson
70%
Celtics C Bill Russell
69%
76ers PF Charles Barkley
69%
Pistons PG Isiah Thomas
69%
Jazz PG John Stockton
69%
Thunder PG Russell Westbrook
69%
Nets PG Jason Kidd
68%
Spurs PF Tim Duncan
68%
Nuggets SG David Thompson
67%
Bulls PG Derrick Rose
67%
Rockets SG James Harden
67%
Grizzlies C Marc Gasol
67%
Grizzlies C Pau Gasol
67%
Clippers PF Blake Griffin
66%
Hawks SF Joe Johnson
66%
Suns PG Steve Nash
66%
Raptors PF Amir Johnson
65%
Heat PF Chris Bosh
65%
Spurs C David Robinson
65%
Rockets C Hakeem Olajuwon
65%
Timberwolves PF Kevin Garnett
65%
Hornets PF Larry Johnson
65%
Bucks SG Ray Allen
65%
Knicks SF Carmelo Anthony
64%
Bucks SF Glenn Robinson
64%
Spurs PG Tony Parker
64%
Pelicans PF Anthony Davis
63%
Knicks C Patrick Ewing
63%
Pelicans PG Baron Davis
62%
Pacers PF Dale Davis
62%
Magic C Dwight Howard
62%
Timberwolves PF Kevin Love
62%
Celtics SF Paul Pierce
62%
Wizards PG John Wall
61%
Spurs SF Kawhi Leonard
61%
Magic PG Penny Hardaway
60%
Heat PG Tim Hardaway
60%
Raptors SG Vince Carter
60%
Hawks SF Dominique Wilkins
59%
Hawks PG Lenny Wilkens
58%
Pacers SG Reggie Miller
58%
Rockets SG Tracy McGrady
58%
Nuggets PG Andre Miller
57%
Trail Blazers PG Damian Lillard
57%
Grizzlies SG Mike Miller
57%
Heat C Alonzo Mourning
55%
Celtics PG Bob Cousy
55%
Warriors PF Draymond Green
55%
Trail Blazers SG Clyde Drexler
54%
Celtics PF Kevin McHale
53%
Pacers SF Paul George
53%
Raptors SG DeMar DeRozan
50%
Thunder PG Gary Payton
50%
Nuggets C Dikembe Mutombo
49%
Raptors PG Kyle Lowry
49%
Grizzlies PG Mike Conley
49%
Rockets PG Kenny Smith
46%
Bulls C Artis Gilmore
45%
Hawks PF Bob Pettit
45%
Nets PF Buck Williams
44%
Pistons SG Joe Dumars
44%
Cavaliers PG Mark Price
43%
Wizards C Wes Unseld
42%
Nuggets SF Alex English
41%
Nets C Brook Lopez
41%
Kings PF Chris Webber
41%
Trail Blazers C Rasheed Wallace
41%
Suns PF Amar'e Stoudemire
40%
Trail Blazers C Bill Walton
40%
Spurs SF George Gervin
40%
Pistons C Bill Laimbeer
39%
Thunder PF Shawn Kemp
39%
Kings C DeMarcus Cousins
36%
Timberwolves C Karl-Anthony Towns
34%
Warriors SF Chris Mullin
33%
Jazz SG Pete Maravich
32%
Bucks SG Sidney Moncrief
32%
Pistons SF Grant Hill
31%
Pacers PG Mark Jackson
31%
Wizards PF Elvin Hayes
30%
Heat SF Glen Rice
30%
Jazz C Mark Eaton
29%
Kings SF Peja Stojakovic
28%
Suns SF Shawn Marion
28%
Wizards PG Gilbert Arenas
25%
Mavericks C Tyson Chandler
25%
Mavericks SG Jason Terry
24%
Hornets PG Muggsy Bogues
24%
76ers SF Andre Iguodala
21%
Cavaliers C Brad Daugherty
21%
Knicks PG Earl Monroe
20%
Pacers C Rik Smits
20%
Knicks SG John Starks
19%
Bulls SF Toni Kukoc
19%
Mavericks PG Derek Harper
18%
Magic SG Nick Anderson
18%
Clippers SG Ron Harper
18%
Pelicans PF Ryan Anderson
18%
Hawks PF Al Horford
17%
Hornets C Al Jefferson
17%
Nets SF Richard Jefferson
17%
Raptors C Jonas Valanciunas
15%
Clippers PF Elton Brand
14%
Thunder PF Jack Sikma
14%
Kings SG Mitch Richmond
14%
Timberwolves PG Ricky Rubio
14%
Knicks PF Charles Oakley
13%
Pelicans SG Eric Gordon
12%
Timberwolves SG Kevin Martin
11%
Mavericks SF Michael Finley
11%
Magic PF Rashard Lewis
11%
Bucks C Andrew Bogut
10%
Jazz SF Andrei Kirilenko
9%
Nuggets PF Dan Issel
9%
Rockets SF Robert Horry
9%
Grizzlies SF Shane Battier
9%
Wizards SF Antawn Jamison
8%
Bucks SF Bob Dandridge
8%
Magic SG Dennis Scott
8%
Hornets SF Anthony Mason
4%
Suns SF Dan Majerle
4%
Trail Blazers SF Jerome Kersey
4%
Nets SG Kerry Kittles
4%
Suns PF Connie Hawkins
3%
Cavaliers SG Craig Ehlo
3%
No matching quizzes found
Score Distribution
Percent of People with Each Score
Percentile by Number Answered
Your Score History
You have not taken this quiz